हिंदी-भाषा विविध आयाम / (Record no. 14278)

MARC details
000 -LEADER
fixed length control field 01176nam a22002657a 4500
005 - DATE AND TIME OF LATEST TRANSACTION
control field 20080707165647.0
006 - FIXED-LENGTH DATA ELEMENTS--ADDITIONAL MATERIAL CHARACTERISTICS--GENERAL INFORMATION
fixed length control field a|||||r|||||00| f
008 - FIXED-LENGTH DATA ELEMENTS--GENERAL INFORMATION
fixed length control field 080707t xxu||||| |||| 00| 0 hin d
010 ## - LIBRARY OF CONGRESS CONTROL NUMBER
LC control number HIN-83764
020 ## - INTERNATIONAL STANDARD BOOK NUMBER
Terms of availability 250.00
International Standard Book Number 8186400842
035 ## - SYSTEM CONTROL NUMBER
System control number HN-56110
037 ## - SOURCE OF ACQUISITION
Source of stock number/acquisition DBAD / PUB
040 ## - CATALOGING SOURCE
Original cataloging agency DPL
Language of cataloging HN
082 ## - DEWEY DECIMAL CLASSIFICATION NUMBER
Classification number 420
100 ## - MAIN ENTRY--PERSONAL NAME
Personal name वत्स, जितेंद्र
245 ## - TITLE STATEMENT
Title हिंदी-भाषा विविध आयाम /
Statement of responsibility, etc जितेंद्र वत्स
246 ## - VARYING FORM OF TITLE
Title proper/short title Hindi-bhasha vivid aayam
Remainder of title by Jitendra Vats
260 ## - PUBLICATION, DISTRIBUTION, ETC. (IMPRINT)
Place of publication, distribution, etc दिल्ली
Name of publisher, distributor, etc निर्मल पब्लिकेशन्स
Date of publication, distribution, etc 2005
270 ## - ADDRESS
Address ए-139, गली नं.3, कबीर नगर, शाहदरा
City दिल्ली
Postal code 110094
300 ## - PHYSICAL DESCRIPTION
Extent 182पृ
Dimensions 22सेमी(सजिल्द)
650 ## - SUBJECT ADDED ENTRY--TOPICAL TERM
Topical term or geographic name as entry element हिंदी-भाषा
650 ## - SUBJECT ADDED ENTRY--TOPICAL TERM
Topical term or geographic name as entry element Hindi-Language
942 ## - ADDED ENTRY ELEMENTS (KOHA)
Source of classification or shelving scheme Dewey Decimal Classification
Koha item type Hindi Books
Classification part 420
Call number suffix वत्सजि
Holdings
Withdrawn status Lost status Damaged status Not for loan Collection code Home library Current library Date acquired Source of acquisition Cost, normal purchase price Total Checkouts Full call number Barcode Date last seen Cost, replacement price Price effective from Koha item type
      Not For Loan Non-fiction D.B.Act.Division D.B.Act.Division 08/07/2008 पु.प्र.अ.प्र /प्रका 250.00   420 वत्सजि HN-56110 15/09/2008 250.00 15/09/2008 Hindi Books

© Delhi Public Library
Hit Counter
free hit counter